000 00567cam a22002171 4500
001 sa 65000219
003 DLC
005 20260227112101.0
008 890601s1963 ii 000 0 tamo
010 _asa 65000219
035 _a(OCoLC)19795884
040 _aDLC
_cWaU
_dDLC
042 _apremarc
050 0 0 _aPL4754.T583
_bD6
100 2 _aTurai Araṅkacāmi, Mo. A.
_q(Mor̲appākkam Appācāmi),
_d1908-
245 1 0 _aTolkāppiya neṛi.
260 _c[1963]
300 _a364 p.
_c19 cm.
500 _aIn Tamil.
600 0 0 _aTolkāppiyar.
_tTolkāppiyam.
999 _c61440
_d61440